Managerial statistics.

Bibliographic Details
Main Author: Hanson, Kermit O.
Format: Book
Language:English
Published: New York : Prentice-Hall, 1955.
Subjects:

MARC

Tag First Indicator Second Indicator Subfields
LEADER 00000cam a2200000 4500
001 in00000037763
005 20151007080616.0
008 711228s1955 eng u
010 |a  54013113  
035 |a (OCoLC)00187976 
035 |9 AAF5091AM 
040 |c OSU  |d TXA  |d UtOrBLW 
049 |a TXAM  |c 2 [251078] 
050 0 |a HA40.E3  |b H3 
090 |a HA40.E3  |b H3 1955 
092 |a 311.2  |b H251m 
100 1 |a Hanson, Kermit O. 
245 1 0 |a Managerial statistics. 
264 1 |a New York :  |b Prentice-Hall,  |c 1955. 
300 |a xiv, 306 pages :  |b illustrations ;  |c 22 cm. 
336 |a text  |b txt  |2 rdacontent 
337 |a unmediated  |b n  |2 rdamedia 
338 |a volume  |b nc  |2 rdacarrier 
650 0 |a Statistics. 
999 |a MARS 
999 f f |s 034ea829-ee4c-3792-998c-fcdab6947a7a  |i 4e900787-9464-367d-bf33-085c226ddb3b  |t 0 
952 f f |p ric  |a Texas A&M University  |b Rellis Campus  |c Joint Library Facility  |d Remote Storage  |t 0  |e HA40.E3 H3 1955  |h Library of Congress classification  |i unmediated -- volume  |m A14800653143 
998 f f |a HA40.E3 H3 1955  |t 0  |l Remote Storage